Plnenie dlhovej služby SR a NBS v roku 1993
Vývoj devízovej zadlženosti Slovenska voči zahraničiu počas roku 1993. Plnenie dlhovej služby zabezpečované prostredníctvom NBS.
Uložené v:
| Hlavný autor: | |
|---|---|
| Médium: | Kapitola |
| Jazyk: | Slovak |
| Predmet: | |
| Tagy: |
Žiadne tagy, Buďte prvý, kto otaguje tento záznam!
|
MARC
| LEADER | 00000naa a2200000 4500 | ||
|---|---|---|---|
| 001 | r014814 | ||
| 005 | 20221213113511.1 | ||
| 041 | 0 | |a slo | |
| 044 | |a SK | ||
| 245 | 1 | 0 | |a Plnenie dlhovej služby SR a NBS v roku 1993 |c P. Kyjac |
| 520 | |a Vývoj devízovej zadlženosti Slovenska voči zahraničiu počas roku 1993. Plnenie dlhovej služby zabezpečované prostredníctvom NBS. | ||
| 610 | 2 | 0 | |a zadlženosť zahraničná |
| 610 | 2 | 0 | |a dlhy štátne |
| 610 | 2 | 0 | |a údaje štatistické |
| 610 | 2 | 0 | |a Slovensko |
| 610 | 2 | 0 | |a NBS Bratislava |
| 100 | 1 | |a Kyjac, Pavol | |